[Event "COL-ch (Women)"]
[Site "Bogota"]
[Date "2018.11.07"]
[Round "2"]
[White "Ortegon Villacorte, Linda Daniela"]
[Black "Barros Tovar, Monica"]
[Result "0-1"]
[WhiteElo "1922"]
[BlackElo "1733"]
[PlyCount "22"]
[EventDate "2018.11.06"]
[EventType "swiss"]
[EventRounds "9"]
[EventCountry "COL"]
[SourceTitle "CBM 187 Extra"]
[Source "ChessBase"]
[SourceDate "2018.11.04"]
[SourceVersion "1"]
[SourceVersionDate "2018.11.04"]
[SourceQuality "1"]

1. e4 e6 2. d4 d5 3. exd5 exd5 4. Nf3 Bd6 5. Be2 Bf5 6. 0-0 Nc6 7. c3 Qd7 8. Re1 Nge7 9. a3 0-0 10. Nbd2 Ng6 11. Nf1 Nf4 0-1

[Event "COL-ch U2000"]
[Site "Medellin"]
[Date "2016.??.??"]
[Round "2.29"]
[White "Duque, Arnel Alberto"]
[Black "Barros Tovar, Monica"]
[Result "0-1"]
[WhiteElo "1866"]
[BlackElo "1763"]
[PlyCount "58"]
[EventDate "2016.02.29"]
[EventType "swiss"]
[EventRounds "9"]
[EventCountry "COL"]
[SourceTitle "EXT 2024"]
[Source "ChessBase"]
[SourceDate "2023.10.10"]
[SourceVersion "1"]
[SourceVersionDate "2023.10.10"]
[SourceQuality "1"]

1. e4 e6 2. d4 d5 3. e5 c5 4. c3 b6 5. Nf3 Qd7 6. a4 Ba6 7. Bxa6 Nxa6 8. Qd3 Nc7 9. Bf4 Ne7 10. 0-0 Nc6 11. Nbd2 c4 12. Qe2 Na5 13. Bg3 h6 14. Ne1 Be7 15. f4 g6 16. Nc2 0-0-0 17. Ne3 Rdf8 18. Qd1 f5 19. exf6 Rxf6 20. Ng4 Rf5 21. Ne5 Qe8 22. b3 cxb3 23. Nxb3 Nc6 24. Re1 Rhf8 25. Qd3 g5 26. fxg5 Rxg5 27. Re2 Rfg8 28. Bh4 Rxe5 29. dxe5 Bxh4 0-1

[Event "COL-ch Universities (Women)"]
[Site "Bogota"]
[Date "2015.10.07"]
[Round "5"]
[White "Galvis Pedraza, Maryory"]
[Black "Barros Tovar, Monica"]
[Result "0-1"]
[WhiteElo "1760"]
[BlackElo "1763"]
[PlyCount "51"]
[EventDate "2015.10.05"]
[EventType "swiss"]
[EventRounds "6"]
[EventCountry "COL"]
[SourceTitle "CBM 168 Extra"]
[Source "ChessBase"]
[SourceDate "2015.10.29"]
[SourceVersion "1"]
[SourceVersionDate "2015.10.29"]
[SourceQuality "1"]

1. e4 e6 2. d4 d5 3. e5 c5 4. c3 b6 5. Nf3 Qd7 6. Bd3 Ba6 7. 0-0 Bxd3 8. Qxd3 Nc6 9. Nbd2 c4 10. Qc2 b5 11. b3 a5 12. a4 cxb3 13. Nxb3 bxa4 14. Nc5 Bxc5 15. dxc5 Nge7 16. Rxa4 Ng6 17. Re1 0-0 18. h4 h5 19. Ng5 f5 20. exf6 Rxf6 21. Qd1 Nce5 22. Qxh5 Qxa4 23. Rxe5 Qxh4 24. Qe2 Nxe5 25. Qxe5 Qxf2+ 26. Kh2 0-1

[Event "COL-ch Universities (Women)"]
[Site "Bogota"]
[Date "2015.10.05"]
[Round "2"]
[White "Barros Tovar, Monica"]
[Black "Baquero Guiza, Delys Diday"]
[Result "1-0"]
[WhiteElo "1763"]
[BlackElo "1677"]
[PlyCount "41"]
[EventDate "2015.10.05"]
[EventType "swiss"]
[EventRounds "6"]
[EventCountry "COL"]
[SourceTitle "CBM 168 Extra"]
[Source "ChessBase"]
[SourceDate "2015.10.29"]
[SourceVersion "1"]
[SourceVersionDate "2015.10.29"]
[SourceQuality "1"]

1. c4 e5 2. g3 Nc6 3. Bg2 Nf6 4. Nc3 Bc5 5. Nf3 d5 6. cxd5 Nxd5 7. 0-0 Be6 8. d3 h6 9. a3 a5 10. Qc2 Bb6 11. Bd2 0-0 12. Rac1 Qd6 13. Ne4 Qd7 14. Nc5 Bxc5 15. Qxc5 f5 16. e4 fxe4 17. dxe4 Nde7 18. Bc3 b6 19. Qb5 Na7 20. Qxd7 Bxd7 21. Nxe5 1-0